000 00538nam a2200181Ia 4500
008 090124s9999 xx 000 0 und d
082 _b4180
100 _aसाठे अण्णा भाऊ
245 _a नवे तमाशे
250 _a1
260 _bलोक - साबित्य
_c1951
300 _a120
600 _aसाठे अण्णा भाऊ
630 _a नवे तमाशे
700 _aसाठे अण्णा भाऊ
730 _a नवे तमाशे
942 _cBOOK
999 _c83587
_d83587